|
|
|
|
| LEADER |
01852nem a2200361 a 4500 |
| 001 |
001278128 |
| 003 |
CZ BrMZK |
| 005 |
20150211112319.0 |
| 007 |
aj|canzn |
| 008 |
111208s1954 ru b a 0| rusod |
| 034 |
1 |
|
|a a
|b 3500000
|d E0101143
|e E0742636
|f N0712125
|g N0361024
|
| 040 |
|
|
|a BOA001
|b cze
|
| 043 |
|
|
|a e-un---
|2 czenas
|
| 044 |
|
|
|a ru
|a bw
|
| 072 |
|
7 |
|a 913:94
|x Historická geografie
|2 Konspekt
|9 7
|
| 072 |
|
7 |
|a 912
|x Mapy. Atlasy. Glóby
|2 Konspekt
|9 7
|
| 080 |
|
|
|a (477)
|2 MRF
|
| 080 |
|
|
|a (084.3)
|2 MRF
|
| 100 |
1 |
|
|a Rybakov, Boris Aleksandrovič,
|d 1908-2001
|7 jn19990210547
|4 aut
|
| 245 |
1 |
0 |
|a Kijevskoje gosudarstvo v IX-XI vekach
|h [kartografický dokument] /
|c karta sostavlena Naučno-redakcionnoj kartosostavitel'skoj čast'ju GUGK v 1939 g. i ispravlena v 1952 g. ; avtor Rybakov B.A. ; otvetstvennyj redaktor Martova K.B.
|
| 255 |
|
|
|a Měřítko 1:3 500 000 ;
|b projekcija koničeskaja ravnopromežutočnaja
|c (010°11´43" v.d.--074°26´36" v.d./071°21´25" s.š.--036°10´24" s.š.)
|
| 260 |
|
|
|a Moskva :
|b Glavnoje upravlenije geodezii i kartografii MVD SSSR,
|c 1954
|e ([Minsk] :
|f Minskaja kartografičeskaja fabrika GUGK)
|
| 300 |
|
|
|a 1 mapa na 2 listech :
|b barev. ;
|c 112 x 87 cm, list 69 x 104 cm
|
| 500 |
|
|
|a Poškození: Dolní část mapy poškozena, část mapy chybí
|5 CZ-BrMZK
|
| 655 |
|
7 |
|a historické mapy
|7 fd186723
|2 czenas
|
| 651 |
|
7 |
|a Kyjevská Rus
|7 ge129725
|2 czenas
|
| 700 |
1 |
|
|a Martova, K. B.
|4 pbd
|
| 710 |
1 |
|
|a Sovětský svaz.
|b Glavnoje upravlenije geodezii i kartografii
|7 ko2008480154
|4 pbl
|
| 710 |
1 |
|
|a Sovětský svaz.
|b Glavnoje upravlenije geodezii i kartografii.
|b Minskaja kartografičeskaja fabrika
|4 prt
|
| 856 |
4 |
1 |
|u http://www.digitalniknihovna.cz/mzk/uuid/uuid:9b776404-6f0c-4c72-81bf-8217cf8a772c
|y Digitalizovaný dokument
|
| 910 |
|
|
|a BOA001
|b Mpa-0331.910
|
| 990 |
|
|
|a MP
|
| 991 |
|
|
|b 201302
|